The fourth world of the Hopis/ (Record no. 344)

MARC details
000 -LEADER
fixed length control field 00399nam a2200157 a 4500
005 - DATE AND TIME OF LATEST TRANSACTION
control field 20260322212016.0
008 - FIXED-LENGTH DATA ELEMENTS--GENERAL INFORMATION
fixed length control field data
010 ## - LIBRARY OF CONGRESS CONTROL NUMBER
LC control number 70-168320
090 ## - LOCALLY ASSIGNED LC-TYPE CALL NUMBER (OCLC); LOCAL CALL NUMBER (RLIN)
Classification number (OCLC) (R) ; Classification number, CALL (RLIN) (NR) E 99 .H7 C64
001 - CONTROL NUMBER
control field data
100 1# - MAIN ENTRY--PERSONAL NAME
Personal name Courlander, Harold,
Dates associated with a name 1908-
245 14 - TITLE STATEMENT
Title The fourth world of the Hopis/
Statement of responsibility, etc. Harold Courlander.
260 ## - PUBLICATION, DISTRIBUTION, ETC.
Place of publication, distribution, etc. New York
Name of publisher, distributor, etc. Crown Publishers
Date of publication, distribution, etc. p1971
300 ## - PHYSICAL DESCRIPTION
Extent 239 p. :
Other physical details ill.
650 #4 - SUBJECT ADDED ENTRY--TOPICAL TERM
Topical term or geographic name entry element Hopi Indians
General subdivision history
Holdings
Withdrawn status Lost status Damaged status Not for loan Home library Current library Shelving location Date acquired Total checkouts Full call number Barcode Date last seen Price effective from Koha item type
        Centerville Centerville General stacks 22/03/2026   GEN BC0010354 22/03/2026 22/03/2026 Books